পরকাল / (Record no. 12242)
[ view plain ]
| 000 -LEADER | |
|---|---|
| fixed length control field | 00867nam a2200253 a 4500 |
| 001 - CONTROL NUMBER | |
| JCCL Control Number | 12242 |
| 003 - CONTROL NUMBER IDENTIFIER | |
| JCCL marc code | BD-JhCC |
| 005 - DATE AND TIME OF LATEST TRANSACTION | |
| control field | 20210831094912.0 |
| 008 - FIXED-LENGTH DATA ELEMENTS--GENERAL INFORMATION | |
| fixed length control field | 210829b2019 bg a|||| ||a| 001 0 ben d |
| 020 ## - INTERNATIONAL STANDARD BOOK NUMBER | |
| International Standard Book Number | 9789848101551 |
| 035 ## - SYSTEM CONTROL NUMBER | |
| system control number | (BD-JhCC)12242 |
| 040 ## - CATALOGING SOURCE | |
| Original cataloging agency | BD-JhCC |
| Modifying agency | BD-JhCC |
| 041 ## - LANGUAGE CODE | |
| Language code of Book | Bengali |
| 082 ## - DEWEY DECIMAL CLASSIFICATION NUMBER | |
| DDC Edition number | 22 |
| Classification number | 297.23 |
| Author mark and Year | ARI 2019 |
| 100 ## - MAIN ENTRY--PERSONAL NAME | |
| Personal name | আরিফী,ড. মুহাম্মদ বিন আব্দুল রহমান |
| 245 ## - TITLE STATEMENT | |
| Title | পরকাল / |
| Statement of responsibility, etc | ড. মুহাম্মদ বিন আব্দুল রহমান আরিফী । |
| 260 ## - PUBLICATION, DISTRIBUTION, ETC. (IMPRINT) | |
| Place of publication, distribution, etc | ঢাকা: |
| Name of publisher, distributor, etc | দারুস সালাম বাংলাদেশ; |
| Date of publication, distribution, etc | ২০১৯. |
| 300 ## - PHYSICAL DESCRIPTION | |
| Pagination | 714 p. : |
| Other physical details | ill; |
| Dimensions | 22 cm. |
| 650 ## - SUBJECT ADDED ENTRY--TOPICAL TERM | |
| Topical term or geographic name as entry element | Resurrection (islam) |
| 650 ## - SUBJECT ADDED ENTRY--TOPICAL TERM | |
| Topical term or geographic name as entry element | Future Life (islam) |
| 650 ## - SUBJECT ADDED ENTRY--TOPICAL TERM | |
| Topical term or geographic name as entry element | Judgment day (islam) |
| 942 ## - ADDED ENTRY ELEMENTS (KOHA) | |
| Source of classification or shelving scheme | Dewey Decimal Classification |
| Koha item type | Books |
| Source of classification or shelving scheme | Damaged status | Not for loan | Home library | Current library | Shelving location | Date of accession | Cost, normal purchase price | Total Checkouts | Full call number | Barcode | Checked out | Date last seen | Date checked out | Copy number | Koha item type |
|---|---|---|---|---|---|---|---|---|---|---|---|---|---|---|---|
| Dewey Decimal Classification | JCC Rouf Library | JCC Rouf Library | General Stacks | 08/31/2021 | 390.00 | 4 | 297.23 ARI 2019 | 16775 | 09/11/2025 | 08/07/2025 | 08/07/2025 | C-1 | Books |